<?xml version="1.0" encoding="UTF-8"?>
<collection xmlns="http://www.loc.gov/MARC21/slim">
 <record>
  <leader>01383nam a22002297a 4500</leader>
  <controlfield tag="001">NCT_54016</controlfield>
  <controlfield tag="008">180921b        xxu||||| |||| 00| 0 vie d</controlfield>
  <datafield tag="999" ind1=" " ind2=" ">
   <subfield code="c">2590</subfield>
   <subfield code="d">2590</subfield>
  </datafield>
  <datafield tag="020" ind1=" " ind2=" ">
   <subfield code="a">9786047745494</subfield>
   <subfield code="c">99000</subfield>
  </datafield>
  <datafield tag="082" ind1="0" ind2="4">
   <subfield code="2">23rd ed.</subfield>
   <subfield code="a">658.85</subfield>
   <subfield code="b">C681</subfield>
  </datafield>
  <datafield tag="100" ind1="1" ind2=" ">
   <subfield code="a">Cardone, Grant</subfield>
  </datafield>
  <datafield tag="245" ind1="1" ind2="0">
   <subfield code="a">Kỹ năng bán hàng tuyệt đỉnh =</subfield>
   <subfield code="b"> Sell or be sold  : Bí quyết sinh tồn trong ngành sell </subfield>
   <subfield code="c">Grant Cardone ; Bùi Thị Ngọc Hương (dịch)</subfield>
  </datafield>
  <datafield tag="250" ind1=" " ind2=" ">
   <subfield code="a">Tái bản lần thứ 1</subfield>
  </datafield>
  <datafield tag="260" ind1=" " ind2=" ">
   <subfield code="a">H.</subfield>
   <subfield code="b">Thế giới</subfield>
   <subfield code="c">2017</subfield>
  </datafield>
  <datafield tag="300" ind1=" " ind2=" ">
   <subfield code="a">293 tr.</subfield>
   <subfield code="c">22cm</subfield>
  </datafield>
  <datafield tag="520" ind1="3" ind2=" ">
   <subfield code="a">Kỹ năng bán hàng tuyệt đỉnh sẽ cho bạn đọc biết được những quy tắc bán hàng, vốn là điều kiện tiên quyết để gặt hái thành công trong bất kỳ lĩnh vực nào, với bất kỳ ai, bất kỳ ở đâu.</subfield>
  </datafield>
  <datafield tag="653" ind1=" " ind2=" ">
   <subfield code="a">Quản trị kinh doanh</subfield>
  </datafield>
  <datafield tag="700" ind1="1" ind2=" ">
   <subfield code="a">Bùi Thị Ngọc Hương</subfield>
   <subfield code="e">Người dịch</subfield>
  </datafield>
  <datafield tag="942" ind1=" " ind2=" ">
   <subfield code="2">ddc</subfield>
   <subfield code="c">BK</subfield>
  </datafield>
  <datafield tag="952" ind1=" " ind2=" ">
   <subfield code="0">0</subfield>
   <subfield code="1">0</subfield>
   <subfield code="2">ddc</subfield>
   <subfield code="4">0</subfield>
   <subfield code="6">658_850000000000000_C681</subfield>
   <subfield code="7">0</subfield>
   <subfield code="9">14721</subfield>
   <subfield code="a">000001</subfield>
   <subfield code="b">000001</subfield>
   <subfield code="d">2018-10-22</subfield>
   <subfield code="o">658.85 C681</subfield>
   <subfield code="p">MD.13698</subfield>
   <subfield code="r">2018-10-22</subfield>
   <subfield code="v">99000.00</subfield>
   <subfield code="w">2018-10-22</subfield>
   <subfield code="y">BK</subfield>
  </datafield>
  <datafield tag="952" ind1=" " ind2=" ">
   <subfield code="0">0</subfield>
   <subfield code="1">0</subfield>
   <subfield code="2">ddc</subfield>
   <subfield code="4">0</subfield>
   <subfield code="6">658_850000000000000_C681</subfield>
   <subfield code="7">0</subfield>
   <subfield code="9">14722</subfield>
   <subfield code="a">000001</subfield>
   <subfield code="b">000001</subfield>
   <subfield code="d">2018-10-22</subfield>
   <subfield code="l">2</subfield>
   <subfield code="o">658.85 C681</subfield>
   <subfield code="p">MD.13699</subfield>
   <subfield code="r">2019-09-09</subfield>
   <subfield code="s">2019-08-23</subfield>
   <subfield code="v">99000.00</subfield>
   <subfield code="w">2018-10-22</subfield>
   <subfield code="y">BK</subfield>
  </datafield>
  <datafield tag="980" ind1=" " ind2=" ">
   <subfield code="a">Thư viện Trường Đại học Nam Cần Thơ</subfield>
  </datafield>
 </record>
</collection>
